[Event "SR 1. liga zapad 2010/2011"]
[Site "?"]
[Date "2011.04.10"]
[Round "11.6"]
[White "Gasa, Andrej"]
[Black "Turna, Stefan"]
[Result "1/2-1/2"]
[WhiteElo "2256"]
[BlackElo "2245"]
[PlyCount "96"]
[EventDate "2010.??.??"]

1. e4 c5 2. Nf3 d6 3. d4 cxd4 4. Nxd4 Nf6 5. Nc3 e6 6. Be3 a6 7. a4 Nc6 8. Be2
Be7 9. Nb3 b6 10. O-O Bb7 11. f4 O-O 12. Bf3 Qc7 13. Qe2 Rfe8 14. g4 Bf8 15.
Qf2 Nd7 16. Rad1 Nc5 17. Nd4 Nxd4 18. Bxd4 Bc6 19. b3 b5 20. axb5 axb5 21. b4
Na4 22. Nxa4 Rxa4 23. c3 Qb7 24. Qe2 e5 25. fxe5 dxe5 26. Bf2 Qa8 27. Rd2 Be7
28. Rfd1 Ra3 29. Rd3 g6 30. h3 Rb3 31. Bg3 Bg5 32. h4 Bf4 33. Bxf4 exf4 34. Re1
Qa3 35. Qd2 Qa7+ 36. Kg2 Qe7 37. Qxf4 Qxh4 38. Red1 h5 39. Rh1 Rb2+ 40. Rd2
Rxd2+ 41. Qxd2 Qf6 42. gxh5 Bxe4 43. Rh3 Qf5 44. hxg6 Qg4+ 45. Kh2 Bxf3 46.
Rh8+ Kg7 47. Qh6+ Kf6 48. gxf7+ Kxf7 1/2-1/2

[Event "SR 1. liga zapad 2010/2011"]
[Site "?"]
[Date "2011.04.10"]
[Round "11.6"]
[White "Janos, Ivan"]
[Black "Hecko, Dusan"]
[Result "1/2-1/2"]
[WhiteElo "2152"]
[BlackElo "2114"]
[Annotator "Fritz 12 (20s)"]
[PlyCount "133"]
[EventDate "2010.??.??"]

{B18: Classical Caro-Kann: 4...Bf5 sidelines} 1. e4 c6 2. d4 d5 3. Nc3 dxe4 4.
Nxe4 Bf5 5. Ng3 Bg6 6. N1e2 e6 7. Nf4 Bd6 8. c3 Ne7 {N} (8... Nf6 9. Nxg6 hxg6
10. Bd3 $11) 9. h4 h6 10. Nxg6 $16 Nxg6 11. h5 Ne7 12. Qg4 Bxg3 13. Qxg3 Nf5
14. Qh3 Qf6 15. Bd3 Nd7 16. g4 Nd6 17. g5 $16 Qe7 18. g6 f6 19. Bf4 $16 O-O-O
20. O-O-O Nb6 21. Rhe1 Rhe8 22. Bh2 Qd7 23. Qg3 Nd5 24. c4 Nc7 25. Kb1 Nf5 26.
Bxf5 exf5 27. d5 $1 Na6 28. Qf4 Rxe1 $14 29. Rxe1 cxd5 30. cxd5 Qxd5 31. a3 (
31. Rc1+ Kd7 32. Qa4+ Ke7 33. Qa3+ Kd7 $14) 31... b5 (31... Qd3+ $142 $5 32.
Ka2 Rd4 33. Qc1+ Kd7 $15) 32. Qc1+ $11 Kb7 33. Bf4 Rd7 $17 34. Re8 Nc5 35. Rb8+
$11 Ka6 36. Rc8 Qe4+ 37. Qc2 $2 Rd1+ $19 38. Bc1 Nb3 39. Rc6+ $2 Kb7 (39... Ka5
$142 $5 40. Qxe4 fxe4 41. Re6 $19) 40. Rc7+ Kb6 41. Qxe4 fxe4 42. Rxg7 Rxc1+ (
42... Nxc1 $6 43. Rf7 Nd3+ 44. Kc2 $19) 43. Ka2 Nc5 44. Rh7 a5 $19 45. b4 axb4
46. axb4 $17 Nd3 47. Rxh6 Nxb4+ 48. Kb3 Nd5 (48... Rb1+ $5 49. Kc3 Nc6 $17) 49.
Rh8 $15 Rg1 50. Rf8 Kc5 51. h6 Rxg6 52. h7 Rh6 53. h8=Q Rxh8 54. Rxh8 f5 55.
Re8 Kd4 56. Rb8 b4 57. Kc2 f4 58. Kd2 e3+ 59. fxe3+ fxe3+ 60. Ke1 Kc3 61. Rd8
Nb6 62. Ke2 $11 Nc4 63. Rd3+ Kc2 64. Rd4 Kb3 65. Kd3 Na3 66. Rxb4+ Kxb4 67.
Kxe3 1/2-1/2

[Event "SR 1. liga zapad 2010/2011"]
[Site "?"]
[Date "2011.04.10"]
[Round "11.6"]
[White "Kubala, Jan"]
[Black "Pagerka, Martin"]
[Result "1/2-1/2"]
[WhiteElo "2230"]
[BlackElo "2260"]
[PlyCount "71"]
[EventDate "2010.??.??"]

1. e4 c5 2. Nf3 d6 3. d4 cxd4 4. Nxd4 Nf6 5. Nc3 e6 6. Be2 Be7 7. O-O a6 8. a4
Qc7 9. f4 Nc6 10. Be3 Nb4 11. Bf3 O-O 12. Qd2 Re8 13. a5 e5 14. Nb3 Be6 15. Ra4
Nc6 16. Bb6 Qd7 17. Rd1 exf4 18. Qxf4 Ne5 19. Bd4 Qc6 20. Bf2 Nc4 21. e5 dxe5
22. Bxc6 exf4 23. Bxe8 Nxb2 24. Rb1 Nxa4 25. Bxa4 Rc8 26. Ne2 Rc4 27. Ra1 Ne4
28. Bd4 g5 29. Nbc1 Rxd4 30. Nxd4 Bc5 31. Nce2 Bc4 32. Re1 Bxe2 33. Rxe2 Bxd4+
34. Kf1 Be3 35. Bd7 Nd2+ 36. Rxd2 1/2-1/2

[Event "SR 1. liga zapad 2010/2011"]
[Site "?"]
[Date "2011.04.10"]
[Round "11.6"]
[White "Meszaros, Michal"]
[Black "Castiglione, Mario"]
[Result "1-0"]
[WhiteElo "2409"]
[BlackElo "2288"]
[PlyCount "79"]
[EventDate "2010.??.??"]

1. e4 d6 2. d4 Nf6 3. Nc3 Nbd7 4. Nf3 c6 5. a4 Qc7 6. Bc4 e6 7. Qe2 Be7 8. Bb3
a6 9. Bf4 Nh5 10. Be3 Nhf6 11. Bf4 Nh5 12. Bg5 Qd8 13. Be3 Nhf6 14. h3 h6 15.
O-O d5 16. e5 Nh7 17. Nd1 c5 18. c3 b6 19. Bc2 a5 20. Bd3 c4 21. Bc2 Ba6 22.
Nh2 Nhf8 23. g3 Qc7 24. h4 O-O-O 25. Qf3 f5 26. exf6 gxf6 27. Ng4 f5 28. Nxh6
Ng6 29. h5 f4 30. Bxg6 fxe3 31. Qxe3 Bd6 32. Nf7 e5 33. Qg5 Bb7 34. Ne3 Rdg8
35. Nf5 Bf8 36. Ne7+ Kb8 37. Nxg8 Rxg8 38. Nxe5 Nxe5 39. Qxe5 Bd6 40. Qg5 1-0

[Event "SR 1. liga zapad 2010/2011"]
[Site "?"]
[Date "2011.04.10"]
[Round "11.6"]
[White "Oprea, Erik"]
[Black "Spacek, Oliver"]
[Result "0-1"]
[WhiteElo "2137"]
[BlackElo "1880"]
[PlyCount "122"]
[EventDate "2010.??.??"]

1. d4 Nf6 2. c4 g6 3. Nc3 Bg7 4. e4 d6 5. f3 O-O 6. Be3 e5 7. d5 c6 8. dxc6
Nxc6 9. Qd2 Nd4 10. Nge2 Nxe2 11. Bxe2 Nh5 12. O-O-O Nf4 13. g3 Nxe2+ 14. Qxe2
Be6 15. Kb1 Qc7 16. Nd5 Bxd5 17. Rxd5 Rfd8 18. h4 Rac8 19. b3 Bf6 20. Bg5 Be7
21. Qd2 f6 22. Be3 b6 23. h5 g5 24. h6 Qd7 25. f4 Qg4 26. Rf1 Rf8 27. Kb2 Qh3
28. Rf2 Qxh6 29. Rh2 Qg6 30. f5 Qe8 31. Qe2 Rc6 32. Rd1 Rf7 33. Rdh1 Rc7 34.
Qd1 Qa8 35. Qg4 Rg7 36. Rh6 Bd8 37. Qh5 Qc6 38. Qf3 Qb7 39. Rd1 Be7 40. Rd5 Qc6
41. Qd1 Rc8 42. Qh1 Rf8 43. Rd2 Qb7 44. Rdh2 Bd8 45. R2h5 Qd7 46. Qd1 Qc6 47.
Qd3 Rff7 48. Bxg5 fxg5 49. Rxd6 Rd7 50. Rhh6 Bc7 51. c5 Bxd6 52. Qc4+ Rgf7 53.
Qc1 Qxc5 54. Qxg5+ Rg7 55. Qf6 Qd4+ 56. Kb1 Qxe4+ 57. Kb2 Qd4+ 58. Kb1 Qd1+ 59.
Kb2 Bf8 60. Qe6+ Kh8 61. Rf6 Rd2+ 0-1

[Event "SR 1. liga zapad 2010/2011"]
[Site "?"]
[Date "2011.04.10"]
[Round "11.6"]
[White "Peitl, Tomas"]
[Black "Bury, Rastislav"]
[Result "0-1"]
[WhiteElo "2186"]
[BlackElo "2183"]
[PlyCount "82"]
[EventDate "2010.??.??"]

1. e4 c5 2. Nf3 d6 3. d4 cxd4 4. Nxd4 Nf6 5. Nc3 a6 6. Bg5 e6 7. f4 Nbd7 8. Qf3
Be7 9. O-O-O Qc7 10. g4 h6 11. Bh4 g5 12. fxg5 Ne5 13. Qg3 Nfxg4 14. g6 fxg6
15. Bxe7 Qxe7 16. Be2 Bd7 17. h3 Qg5+ 18. Kb1 Qe3 19. Rhg1 Qxg3 20. Rxg3 Nf6
21. Rgg1 Ke7 22. Nf3 g5 23. Nxe5 dxe5 24. Bf3 Bc6 25. Kc1 Rad8 26. Rde1 Rhg8
27. Nd1 Rgf8 28. Re3 Rf7 29. c3 Rdf8 30. b4 Ne8 31. Bg2 Nd6 32. Rge1 Bb5 33.
Kc2 Rf2+ 34. Nxf2 Rxf2+ 35. Kc1 Rxg2 36. a4 Bxa4 37. R1e2 Rxe2 38. Rxe2 Bc6 39.
Kc2 Bxe4+ 40. Kb3 Bd5+ 41. Kc2 e4 0-1

[Event "SR 1. liga zapad 2010/2011"]
[Site "?"]
[Date "2011.04.10"]
[Round "11.6"]
[White "Polasek, Filip"]
[Black "Sosovicka, Juraj"]
[Result "1-0"]
[WhiteElo "2104"]
[BlackElo "2159"]
[PlyCount "95"]
[EventDate "2010.??.??"]

1. e4 c5 2. Nf3 d6 3. d4 cxd4 4. Nxd4 Nf6 5. Nc3 e6 6. Be3 Be7 7. f3 O-O 8. Qd2
e5 9. Nb3 Be6 10. Nd5 Nxd5 11. exd5 Bf5 12. Bd3 Bxd3 13. Qxd3 Nd7 14. O-O Bg5
15. c4 Bxe3+ 16. Qxe3 a5 17. Nd2 f5 18. a3 a4 19. b4 axb3 20. Rfb1 Qc7 21. Rxb3
Ra6 22. Rab1 Nc5 23. Rb5 f4 24. Qe2 Rxa3 25. Ne4 Nxe4 26. Qxe4 Rf7 27. Qc2 Qb8
28. h3 Qa7+ 29. Kh2 Ra2 30. R1b2 Ra1 31. Rb1 Ra2 32. R1b2 Ra1 33. Rb1 Rxb1 34.
Qxb1 Qb8 35. c5 dxc5 36. Rxc5 g6 37. Qb6 Kg7 38. d6 Kh6 39. Rc7 Qd8 40. Qc5 Rd7
41. Qxe5 Rxd6 42. Qxf4+ g5 43. Qf7 Qh8 44. f4 Rg6 45. Rxb7 g4 46. hxg4 Rxg4 47.
Qe6+ Kh5 48. Rb5+ 1-0

[Event "SR 1. liga zapad 2011/2012"]
[Site "?"]
[Date "2011.10.15"]
[Round "1.1"]
[White "Bury, Rastislav"]
[Black "Skreno, Vladimir"]
[Result "1/2-1/2"]
[WhiteElo "2173"]
[BlackElo "2178"]
[PlyCount "30"]
[EventDate "2011.??.??"]

1. d4 Nf6 2. c4 d5 3. Nc3 e6 4. Nf3 Be7 5. cxd5 exd5 6. Bg5 Nbd7 7. e3 O-O 8.
Bd3 c6 9. Qc2 Re8 10. O-O h6 11. Bh4 Ne4 12. Bxe4 Bxh4 13. Bh7+ Kh8 14. Nxh4
Qxh4 15. Bf5 Nf6 1/2-1/2

[Event "SR 1. liga zapad 2011/2012"]
[Site "?"]
[Date "2011.10.15"]
[Round "1.1"]
[White "Gasa, Andrej"]
[Black "Debnar, Lubos"]
[Result "1/2-1/2"]
[WhiteElo "2257"]
[BlackElo "2266"]
[PlyCount "48"]
[EventDate "2011.??.??"]

1. e4 c5 2. Nf3 d6 3. d4 cxd4 4. Nxd4 Nf6 5. Nc3 a6 6. Be2 e5 7. Nb3 Be7 8. O-O
O-O 9. f4 exf4 10. Bxf4 Nc6 11. Kh1 Be6 12. Nd4 Nxd4 13. Qxd4 Rc8 14. Rad1 Rc6
15. Rd2 Qb6 16. Rfd1 Re8 17. Bf3 Nd7 18. Qxb6 Nxb6 19. Nd5 Bxd5 20. exd5 Rc4
21. Be3 Nd7 22. b3 Rc7 23. c4 Bf6 24. Bf2 b5 1/2-1/2

[Event "SR 1. liga zapad 2011/2012"]
[Site "?"]
[Date "2011.10.15"]
[Round "1.1"]
[White "Gorusa, Miroslav"]
[Black "Cajka, Tibor"]
[Result "1-0"]
[WhiteElo "2213"]
[BlackElo "2140"]
[PlyCount "151"]
[EventDate "2011.??.??"]

1. d4 Nf6 2. c4 c5 3. d5 b5 4. cxb5 a6 5. b6 g6 6. Nc3 Qxb6 7. e4 d6 8. Be2 Bg7
9. Nf3 O-O 10. O-O Nbd7 11. Nd2 Ne5 12. Kh1 g5 13. Nc4 Nxc4 14. Bxc4 g4 15. f4
gxf3 16. gxf3 Kh8 17. Qc2 Rg8 18. Bg5 Nh5 19. Be3 Bh3 20. Rg1 Be5 21. Qd2 Qb4
22. Bd3 Rab8 23. Rxg8+ Rxg8 24. Rg1 Qb8 25. Bxa6 Rxg1+ 26. Kxg1 Qg8+ 27. Kh1
Bf4 28. Nd1 Qg5 29. Qf2 Qe5 30. Bd2 Bxd2 31. Qxd2 Nf4 32. Ne3 Qd4 33. Qc3 Kg8
34. Kg1 Qa4 35. Bc4 Bc8 36. Kf2 Nh3+ 37. Kg3 f6 38. Bf1 Ng5 39. h4 Nf7 40. a3
Ne5 41. f4 Nf7 42. Bd3 Nh6 43. b4 Qd7 44. f5 cxb4 45. axb4 Kf7 46. b5 Qd8 47.
Qc1 Bd7 48. Kf3 Qb6 49. Nc4 Qd4 50. Qe3 Nxf5 51. exf5 Qxd5+ 52. Qe4 Qc5 53. Ne3
Qc1 54. Bc4+ Kf8 55. Qg4 Qh1+ 56. Ke2 Qh2+ 57. Kd3 d5 58. Bxd5 Bxb5+ 59. Nc4
Bxc4+ 60. Bxc4 Ke8 61. Qg8+ Kd7 62. Bb5+ Kc7 63. Qc4+ Kb8 64. Qe4 Qd6+ 65. Kc4
Qc7+ 66. Kb3 Qg3+ 67. Ka4 Qd6 68. Qb4 Qd1+ 69. Qb3 Qa1+ 70. Kb4 Qe1+ 71. Kc5
Qf2+ 72. Kc6 Qg2+ 73. Kd7 Qb7+ 74. Ke8 Qc7 75. Bc6+ Kc8 76. Qb7+ 1-0

[Event "SR 1. liga zapad 2011/2012"]
[Site "?"]
[Date "2011.10.15"]
[Round "1.1"]
[White "Ondrus, Martin"]
[Black "Meszaros, Michal"]
[Result "1/2-1/2"]
[WhiteElo "2301"]
[BlackElo "2377"]
[PlyCount "99"]
[EventDate "2011.??.??"]

1. e4 c5 2. Nf3 d6 3. d4 cxd4 4. Nxd4 Nf6 5. Nc3 a6 6. h3 e5 7. Nde2 Nbd7 8. g4
Nc5 9. Bg2 b5 10. O-O Bb7 11. Ng3 Ne6 12. Nd5 g6 13. Be3 Bg7 14. Qd2 O-O 15. c3
Rc8 16. Rad1 Bxd5 17. exd5 Nc5 18. f4 exf4 19. Bxf4 Re8 20. Rde1 Qb6 21. Kh1
Nfd7 22. Bh6 Rxe1 23. Rxe1 Be5 24. Ne2 Bf6 25. Nd4 Ne5 26. Nc6 Re8 27. Qf2 Ncd7
28. Be3 Qc7 29. Bd4 Bg7 30. Qf1 Qb7 31. Na5 Qb8 32. Nc6 Qb7 33. b3 Rf8 34. Qe2
Re8 35. c4 bxc4 36. bxc4 Qc7 37. Qf2 Rf8 38. Rd1 Re8 39. Qc2 Nxc6 40. dxc6 Ne5
41. c5 d5 42. Bxd5 Nxc6 43. Bxg7 Kxg7 44. Qc3+ Kg8 45. Bg2 Re6 46. Rd6 Nd8 47.
Qd2 Rxd6 48. cxd6 Qc5 49. d7 Qe5 50. Bf1 1/2-1/2

[Event "SR 1. liga zapad 2011/2012"]
[Site "?"]
[Date "2011.10.15"]
[Round "1.1"]
[White "Pericka, Tomas"]
[Black "Dvoranova, Maria"]
[Result "1-0"]
[WhiteElo "2008"]
[BlackElo "2066"]
[PlyCount "69"]
[EventDate "2011.??.??"]

1. e4 e6 2. d4 d5 3. Nc3 Nf6 4. Bg5 Bb4 5. exd5 Qxd5 6. Bxf6 gxf6 7. a3 Bxc3+
8. bxc3 c5 9. Nf3 Nc6 10. Bb5 Bd7 11. O-O c4 12. Rb1 a6 13. Bxc6 Bxc6 14. Re1
Rg8 15. Re3 O-O-O 16. Qf1 b5 17. a4 Rg4 18. axb5 axb5 19. Ne1 Rdg8 20. Rg3 h5
21. Qe2 R8g5 22. Kf1 Rxg3 23. hxg3 Qf5 24. Nf3 Rg4 25. Nh4 Qg5 26. Nf3 Qd5 27.
Qe3 Rg8 28. Qf4 f5 29. Qh4 Qe4 30. Qe7 Qxc2 31. Ra1 Qd3+ 32. Kg1 Re8 33. Qxf7
Qxc3 34. Ra7 Qc1+ 35. Kh2 1-0

[Event "SR 1. liga zapad 2011/2012"]
[Site "?"]
[Date "2011.10.15"]
[Round "1.1"]
[White "Pinter, Patrik"]
[Black "Polasek, Filip"]
[Result "0-1"]
[WhiteElo "2185"]
[BlackElo "2123"]
[PlyCount "62"]
[EventDate "2011.??.??"]

1. e4 e5 2. Nf3 Nc6 3. Bb5 a6 4. Ba4 Nf6 5. O-O Be7 6. Re1 b5 7. Bb3 O-O 8. h3
d6 9. c3 Be6 10. d4 exd4 11. cxd4 d5 12. e5 Ne4 13. Nc3 Na5 14. Bc2 Nxc3 15.
bxc3 Nc4 16. Nd2 c5 17. Nxc4 dxc4 18. Be4 Bd5 19. Qf3 Bxe4 20. Qxe4 cxd4 21.
cxd4 f5 22. Qc6 Qxd4 23. Qe6+ Kh8 24. Be3 Qd8 25. Red1 Qe8 26. Rd7 Bb4 27. Qxe8
Rfxe8 28. Bd4 Rad8 29. e6 Rxd7 30. exd7 Rd8 31. Rd1 Rxd7 0-1

[Event "SR 1. liga zapad 2011/2012"]
[Site "?"]
[Date "2011.10.15"]
[Round "1.1"]
[White "Zelovic, Marek"]
[Black "Diviak, Rastislav"]
[Result "1/2-1/2"]
[WhiteElo "2044"]
[BlackElo "2020"]
[PlyCount "33"]
[EventDate "2011.??.??"]

1. d4 d5 2. c4 e6 3. Nc3 c6 4. Nf3 Nf6 5. Bg5 Nbd7 6. e3 Qa5 7. Bxf6 Nxf6 8. a3
Be7 9. Bd3 O-O 10. O-O dxc4 11. Bxc4 Bd6 12. Qe2 e5 13. dxe5 Bxe5 14. Nxe5 Qxe5
15. h3 Be6 16. Rfd1 Rad8 17. Bxe6 1/2-1/2

[Event "SR 1. liga zapad 2011/2012"]
[Site "?"]
[Date "2011.10.15"]
[Round "1.2"]
[White "Gazik, Igor"]
[Black "Likavsky, Tomas"]
[Result "1-0"]
[WhiteElo "2328"]
[BlackElo "2486"]
[PlyCount "85"]
[EventDate "2011.??.??"]

1. e4 c5 2. Nc3 Nc6 3. f4 e6 4. Nf3 d5 5. Bb5 Nf6 6. e5 Nd7 7. Bxc6 bxc6 8. d3
f5 9. Qe2 Be7 10. Bd2 Nb6 11. O-O h6 12. Nd1 g5 13. c4 dxc4 14. dxc4 Ba6 15. b3
g4 16. Be3 gxf3 17. Qxf3 O-O 18. Nf2 Rf7 19. Rad1 Qf8 20. Rd2 Bb7 21. Rfd1 Rg7
22. Nd3 a5 23. Qf2 Nd7 24. Nb2 Bc8 25. Rxd7 Bxd7 26. Rxd7 Kh8 27. Qd2 Rd8 28.
Na4 Qe8 29. Rxd8 Bxd8 30. Bxc5 Rd7 31. Bd6 Qh5 32. Qd3 Qg4 33. g3 h5 34. Kg2 h4
35. Qf3 Qg6 36. Qxc6 Rg7 37. Qa8 Rg8 38. Qf3 hxg3 39. h3 Qh6 40. Nc5 Bb6 41.
Nd7 Rg4 42. Nf6 Qxf4 43. Qa8+ 1-0

[Event "SR 1. liga zapad 2011/2012"]
[Site "?"]
[Date "2011.10.15"]
[Round "1.2"]
[White "Kaniansky, Miroslav"]
[Black "Drtina, Milan"]
[Result "0-1"]
[WhiteElo "2199"]
[BlackElo "2247"]
[PlyCount "64"]
[EventDate "2011.??.??"]

1. d4 Nf6 2. Nf3 g6 3. c4 Bg7 4. Nc3 O-O 5. e4 d6 6. Be2 c6 7. O-O Qc7 8. Re1
e5 9. Bf1 Bg4 10. Be3 Nh5 11. dxe5 dxe5 12. h3 Rd8 13. Qe2 Bxf3 14. Qxf3 Nd7
15. c5 Nf8 16. Bc4 Nf4 17. Bxf4 exf4 18. Rad1 Qe5 19. Na4 g5 20. Qb3 Qe7 21.
Qc2 Ng6 22. b4 Ne5 23. Bf1 g4 24. hxg4 Nxg4 25. Be2 h5 26. Bxg4 hxg4 27. e5
Bxe5 28. Qf5 g3 29. Qg4+ Kf8 30. fxg3 fxg3 31. Re4 Qf6 32. Rf1 Bd4+ 0-1

[Event "SR 1. liga zapad 2011/2012"]
[Site "?"]
[Date "2011.10.15"]
[Round "1.2"]
[White "Lakatos, Vladimir"]
[Black "Nicolini, Alexander"]
[Result "1-0"]
[WhiteElo "2176"]
[BlackElo "2154"]
[PlyCount "55"]
[EventDate "2011.??.??"]

1. c4 e5 2. Nc3 f5 3. d4 e4 4. g4 g6 5. gxf5 gxf5 6. Nh3 c6 7. Bg5 Be7 8. e3
Nf6 9. Bxf6 Bxf6 10. Qh5+ Kf8 11. Qxf5 d5 12. Qh5 Na6 13. Nf4 Nb4 14. O-O-O Qe7
15. a3 Nd3+ 16. Bxd3 exd3 17. cxd5 Rg8 18. Rhg1 Bd7 19. Rxg8+ Kxg8 20. Rg1+ Bg7
21. Qg5 Qxg5 22. Rxg5 Kf7 23. dxc6 bxc6 24. Nxd3 Bf6 25. Rh5 Kg7 26. Ne4 Be7
27. Re5 Bf8 28. Ndc5 1-0

[Event "SR 1. liga zapad 2011/2012"]
[Site "?"]
[Date "2011.10.15"]
[Round "1.2"]
[White "Lanc, Alois"]
[Black "Dobrotka, Martin"]
[Result "1/2-1/2"]
[WhiteElo "2367"]
[BlackElo "2259"]
[PlyCount "100"]
[EventDate "2011.??.??"]

1. e4 c5 2. Nf3 Nc6 3. d4 cxd4 4. Nxd4 e5 5. Nb5 a6 6. Nd6+ Bxd6 7. Qxd6 Qe7 8.
Qd1 d6 9. Nc3 Be6 10. Be3 Nf6 11. Be2 Rd8 12. Nd5 Bxd5 13. exd5 Nd4 14. Bxd4
exd4 15. Qxd4 O-O 16. Kf1 Rfe8 17. Bf3 Rc8 18. c3 Rc5 19. g3 Qe5 20. Rd1 b5 21.
Kg2 Qxd4 22. Rxd4 Re5 23. Ra1 g5 24. a4 bxa4 25. Raxa4 a5 26. c4 Re1 27. b3 Kg7
28. h3 Nd7 29. Ra2 Rb1 30. Bd1 h6 31. Bc2 Rc1 32. Rd1 Rxd1 33. Bxd1 Nb6 34. Be2
Kf6 35. f4 gxf4 36. gxf4 a4 37. bxa4 Ra5 38. Rb2 Nxa4 39. Ra2 Ra8 40. Kf2 Nb6
41. Rb2 Na4 42. Rb7 Nc5 43. Rb6 Kf5 44. Kg3 Ne4+ 45. Kh4 Kxf4 46. Bd3 Rd8 47.
Bxe4 Kxe4 48. Rb7 f5 49. Re7+ Kd4 50. Rf7 Ke5 1/2-1/2

[Event "SR 1. liga zapad 2011/2012"]
[Site "?"]
[Date "2011.10.15"]
[Round "1.2"]
[White "Lukac, Roman"]
[Black "Hanko, Pavol"]
[Result "1/2-1/2"]
[WhiteElo "2165"]
[BlackElo "2138"]
[PlyCount "72"]
[EventDate "2011.??.??"]

1. e4 c5 2. Nf3 e6 3. d4 cxd4 4. Nxd4 Nf6 5. Nc3 d6 6. g4 h6 7. Rg1 Nc6 8. Be3
a6 9. Qd2 Qc7 10. f3 Be7 11. O-O-O Nxd4 12. Bxd4 b5 13. Kb1 b4 14. Na4 Rb8 15.
b3 Bd7 16. Nb2 Bb5 17. h4 Bxf1 18. Rdxf1 Rb5 19. g5 hxg5 20. hxg5 Nh5 21. Nd3
e5 22. Bb2 a5 23. f4 exf4 24. g6 fxg6 25. Rxg6 Rg5 26. Nxf4 Ng3 27. Ne6 Qc6 28.
Rxg5 Nxf1 29. Qf2 Bxg5 30. Nxg7+ Ke7 31. Nf5+ Kd7 32. Bxh8 Nd2+ 33. Kb2 Nxe4
34. Qa7+ Qc7 35. Qxc7+ Kxc7 36. Bd4 Bf6 1/2-1/2

[Event "SR 1. liga zapad 2011/2012"]
[Site "?"]
[Date "2011.10.15"]
[Round "1.2"]
[White "Miklas, Marian"]
[Black "Marko, Anton"]
[Result "1/2-1/2"]
[WhiteElo "2143"]
[BlackElo "2127"]
[PlyCount "104"]
[EventDate "2011.??.??"]

1. Nf3 d5 2. c4 c6 3. g3 Nf6 4. Bg2 Bf5 5. O-O h6 6. b3 e6 7. Bb2 Nbd7 8. Nc3
Be7 9. d4 O-O 10. Nd2 a5 11. h3 Qb6 12. e4 dxe4 13. Ndxe4 Nxe4 14. Nxe4 Nf6 15.
Nc3 Rfd8 16. Na4 Qa7 17. Qe2 Rab8 18. Rfd1 b5 19. cxb5 cxb5 20. Nc3 Qd7 21. d5
b4 22. dxe6 Qxe6 23. Qxe6 fxe6 24. Na4 Rxd1+ 25. Rxd1 Rc8 26. g4 Bg6 27. Bf1
Be8 28. Bc4 Rxc4 29. bxc4 Bxa4 30. Re1 Kf7 31. Re5 Bd8 32. Rc5 Bb6 33. Rc8 Ne4
34. Rb8 Bxf2+ 35. Kf1 Bc5 36. Rb7+ Be7 37. Bxg7 Nd6 38. Ra7 Nxc4 39. Bxh6 Bb5
40. Bg5 Ne5+ 41. Kf2 Nc6 42. Rb7 Bc4 43. Bxe7 Nxe7 44. Ra7 Bxa2 45. Rxa5 Bd5
46. Rb5 b3 47. h4 Kf6 48. Ke3 Ng6 49. g5+ Kf5 50. Rb4 Nxh4 51. Rxh4 Kxg5 52.
Rb4 Kf5 1/2-1/2

[Event "SR 1. liga zapad 2011/2012"]
[Site "?"]
[Date "2011.10.15"]
[Round "1.2"]
[White "Reisel, Frantisek"]
[Black "Puchart, Vladimir"]
[Result "1-0"]
[WhiteElo "2085"]
[BlackElo "2079"]
[PlyCount "66"]
[EventDate "2011.??.??"]

1. d4 Nf6 2. c4 e6 3. Nc3 d5 4. Nf3 Be7 5. Bf4 O-O 6. e3 c5 7. a3 cxd4 8. Nxd4
Nbd7 9. Bg3 Nb6 10. cxd5 Nbxd5 11. Nxd5 Nxd5 12. Qd2 Bd7 13. Rc1 Rc8 14. Rxc8
Qxc8 15. Bd3 Qc5 16. O-O Rc8 17. Ne2 Qb6 18. e4 Nf6 19. Be5 Bb5 20. Bd4 Qa6 21.
Bxb5 Qxb5 22. Nc3 Qa5 23. Qf4 a6 24. h3 Qc7 25. Be5 Qc6 26. Qg3 Rd8 27. Re1 Qc5
28. Bxf6 Bxf6 29. e5 Be7 30. Re3 b5 31. b4 Qd4 32. Qf3 Qd7 33. Qe4 Qd1+ 1-0

[Event "SR 1. liga zapad 2011/2012"]
[Site "?"]
[Date "2011.10.15"]
[Round "1.2"]
[White "Sturdik, Igor"]
[Black "Gazikova, Veronika"]
[Result "1/2-1/2"]
[WhiteElo "2067"]
[BlackElo "1897"]
[PlyCount "59"]
[EventDate "2011.??.??"]

1. e4 e5 2. Nf3 Nc6 3. d4 exd4 4. Bc4 Nf6 5. O-O Bc5 6. e5 d5 7. exf6 dxc4 8.
Re1+ Kf8 9. Bg5 Qd6 10. Nbd2 Bf5 11. Nxc4 Qd7 12. Qd2 h6 13. fxg7+ Kxg7 14. Bf4
Bb4 15. c3 dxc3 16. bxc3 Qxd2 17. Bxd2 Bc5 18. Bf4 Be6 19. Ncd2 Bb6 20. Ne5 Ne7
21. Nec4 Rhd8 22. Nxb6 axb6 23. Nb3 c5 24. Bc7 Rd3 25. Bxb6 Bxb3 26. axb3 Rxa1
27. Rxa1 Rxc3 28. b4 Nd5 29. Bxc5 Rb3 30. g3 1/2-1/2

[Event "SR 1. liga zapad 2011/2012"]
[Site "?"]
[Date "2011.10.15"]
[Round "1.3"]
[White "Antol, Ladislav"]
[Black "Szegi, Tamas"]
[Result "0-1"]
[WhiteElo "2080"]
[BlackElo "2246"]
[PlyCount "38"]
[EventDate "2011.??.??"]

1. e4 c5 2. Nf3 e6 3. d4 cxd4 4. Nxd4 Nf6 5. Bd3 Nc6 6. Nxc6 bxc6 7. c4 d5 8.
exd5 cxd5 9. O-O Be7 10. Qf3 Rb8 11. Qg3 Bd6 12. Qxg7 Rg8 13. Qh6 dxc4 14. Bxc4
Rb4 15. Na3 Rg6 16. Qd2 Ne4 17. Qe2 Bb7 18. Bb5+ Kf8 19. Qf3 Qh4 0-1

[Event "SR 1. liga zapad 2011/2012"]
[Site "?"]
[Date "2011.10.15"]
[Round "1.3"]
[White "Bagi, Mate"]
[Black "Rohacek, Miroslav"]
[Result "1-0"]
[WhiteElo "2309"]
[BlackElo "2297"]
[PlyCount "73"]
[EventDate "2011.??.??"]

1. e4 c5 2. Nf3 d6 3. d4 cxd4 4. Nxd4 Nf6 5. Nc3 a6 6. Bg5 e6 7. f4 Be7 8. Qf3
Qc7 9. O-O-O Nbd7 10. Bd3 h6 11. Bh4 g5 12. fxg5 Ne5 13. Qe2 Nfg4 14. Nf3 Nxf3
15. gxf3 hxg5 16. Bg3 Ne5 17. f4 gxf4 18. Bxf4 Bd7 19. h4 Bxh4 20. Bxe5 dxe5
21. Qg4 Qd8 22. Rdg1 Qf6 23. Rxh4 Rxh4 24. Qg8+ Ke7 25. Qxa8 Qh6+ 26. Kb1 Rh1
27. Qg8 Qh2 28. Qg5+ Kd6 29. Rxh1 Qxh1+ 30. Qc1 Qh2 31. Qd1 Kc7 32. Qe2 Qh1+
33. Qf1 Qh7 34. a3 f5 35. exf5 exf5 36. Nd5+ Kd6 37. Nf6 1-0

[Event "SR 1. liga zapad 2011/2012"]
[Site "?"]
[Date "2011.10.15"]
[Round "1.3"]
[White "Bednar, Jan"]
[Black "Janko, Zoltan"]
[Result "0-1"]
[WhiteElo "2128"]
[BlackElo "2287"]
[PlyCount "88"]
[EventDate "2011.??.??"]

1. d4 Nf6 2. c4 g6 3. Nc3 d5 4. Nf3 Bg7 5. Bg5 Ne4 6. cxd5 Nxc3 7. bxc3 Qxd5 8.
e3 Bg4 9. Be2 Nd7 10. Bh4 e5 11. O-O e4 12. Nd2 Bxe2 13. Qxe2 c6 14. f3 exf3
15. Rxf3 O-O 16. e4 Bxd4+ 17. Kh1 Qh5 18. cxd4 Qxh4 19. Raf1 Rae8 20. Qc4 Qe7
21. Qb3 b6 22. Qa4 c5 23. Qxa7 cxd4 24. Nc4 Ne5 25. Qxe7 Rxe7 26. Nxe5 Rxe5 27.
Rf6 b5 28. Rd6 Rxe4 29. Rd1 Rc8 30. Kg1 Rc2 31. R6xd4 Ree2 32. Rg4 Rxa2 33. h3
b4 34. Rb1 f5 35. Rg3 Ra3 36. Rxa3 bxa3 37. Rb8+ Kf7 38. Ra8 a2 39. Kh2 f4 40.
Ra7+ Ke6 41. Ra6+ Kd5 42. Ra5+ Kc4 43. h4 Kb3 44. Ra8 Re1 0-1

[Event "SR 1. liga zapad 2011/2012"]
[Site "?"]
[Date "2011.10.15"]
[Round "1.3"]
[White "Berza, Stefan"]
[Black "Mikova, Veronika"]
[Result "1-0"]
[WhiteElo "2092"]
[BlackElo "2060"]
[PlyCount "119"]
[EventDate "2011.??.??"]

1. e4 e6 2. d4 d5 3. e5 c5 4. Qg4 cxd4 5. Bd3 Nc6 6. Nf3 Nge7 7. O-O Ng6 8. Re1
Qc7 9. Qg3 f5 10. c3 dxc3 11. Nxc3 Bb4 12. h4 O-O 13. a3 Be7 14. Qh2 Qd8 15.
Bg5 h6 16. Bxe7 Ngxe7 17. Nb5 Bd7 18. Nd6 Qb6 19. b4 Nc8 20. b5 Nd4 21. Nxd4
Qxd4 22. Rad1 Qb6 23. Qf4 Nxd6 24. exd6 Rad8 25. Rc1 Bc8 26. Rc7 Qxd6 27. Qxd6
Rxd6 28. Rec1 Rdd8 29. f4 h5 30. a4 Kh7 31. a5 a6 32. b6 Kg6 33. Kf2 Kf6 34. g3
g6 35. Bb1 e5 36. fxe5+ Kxe5 37. Re1+ Kd6 38. Ree7 Rd7 39. Rexd7+ Bxd7 40. Rxb7
f4 41. Bd3 fxg3+ 42. Kxg3 d4 43. Bxa6 Rf5 44. Bd3 Rxa5 45. Ra7 Rc5 46. b7 Kc7
47. b8=Q+ Kxb8 48. Rxd7 g5 49. hxg5 Rxg5+ 50. Kf4 Rg4+ 51. Ke5 h4 52. Rh7 Ka8
53. Be4+ Kb8 54. Kxd4 Rf4 55. Ke5 Rg4 56. Rb7+ Kc8 57. Rh7 Kd8 58. Bd5 Rg5+ 59.
Kd6 Rg6+ 60. Be6 1-0